000 01204nam0a22002531 4500
001 rc\468474
005 20030616172254.5
035 _a(NLR Aleph) 005712470
090 _a7392684
_c7392684
100 _a20030616d1988 u |0rusy50 ca
101 0 _arus
102 _aRU
105 _aa |||||||||
200 1 _aИзменчивость состава ихтиофауны, урожайности поколений и методы прогнозирования запасов рыб в северной части Тихого океана
_fТихоокеан. НИИ рыб. хоз-ва и океанографии
_g[Редкол.: Н.С. Фадеев (науч. ред.) и др.]
210 _aВладивосток
_cТИНРО
_d1988 (1989)
215 _a163 с.
_cил.
_d21
320 _aБиблиогр. в конце ст.
702 1 _aФадеев
_bН. С.
_gНиколай Сергеевич
_4340
712 0 2 _aТихоокеанский НИИ морского рыбного хозяйства и океанографии
_cВладивосток
_3RU\NLR\AUTH\8810007595
801 0 _aRU
_bNLR
_gpsbo
801 1 _aRU
_bELAR
_2rusmarc
852 _aNLR
_j90-5/837
942 _cBOOK
980 _aNB